Myanmarin naapurimaat - Statistics

Yleistilastot
  • Tätä visaa on pelattu 1 559 kertaa
  • Keskiarvotulos 5 / 5
Vastaukset kartalla
Vastauksille on annettu kartalla punavihreä väri sen mukaan, kuinka moni on saanut sen oikein.
 
Vastaustilastot
Valtio % Oikein
Laos
96%
Thaimaa
96%
Intia
93%
Kiina
93%
Bangladesh
87%
Ehtoja vastaavia visoja ei löytynyt
Tulosjakauma
Jokaisen tuloksen saaneiden osuus
Persentiili vastausten määrän mukaan
Tuloshistoriasi
Et ole pelannut tätä visaa